Command and control /

Command and Control presents the true story of what happens when weapons built to protect threaten to become the very source of our own destruction. The film tells the story of a 1980 accident at a Titan II missile complex in Damascus, Arkansas, and explores the great dilemma or our time: How do you...

Full description

Bibliographic Details
Main Authors: Pearle, Brian (Creator), Roberts, Kim (Motion picture editor) (Creator)
Other Authors: Kenner, Robert, 1950- (Screenwriter), Schlosser, Eric (Screenwriter), Goldsmith, Paul (Cinematographer) (director of photography.), Adler, Mark (composr (expression))
Format: Video
Language:English
Published: [United States?] : Robert Kenner Films, [2016]
Subjects:
Online Access:Connect to this streaming video (Films on Demand)

MARC

Tag First Indicator Second Indicator Subfields
LEADER 00000cgm a2200000 i 4500
001 in00004750113
008 181121t20162016xxu092 o vleng d
006 m go c
007 cr cna||||||||
007 vz czazuu
005 20231030221738.1
019 |a 1087044737  |a 1087423559  |a 1281175423  |a 1283732511 
028 4 0 |a 151140  |b Infobase 
035 |a (OCoLC)on1078574725 
035 |a (OCoLC)1078574725  |z (OCoLC)1087044737  |z (OCoLC)1087423559  |z (OCoLC)1281175423  |z (OCoLC)1283732511 
040 |a CNNOR  |b eng  |e rda  |e pn  |c CNNOR  |d K6U  |d OCLCF  |d G3B  |d S9I  |d S8I  |d CAUOI  |d D6H  |d OCLCO  |d MHW  |d OCLCO  |d NYINF  |d IBA  |d OCLCQ  |d OCLCO  |d HTM  |d TXA 
041 1 |a eng  |p eng  |h eng 
046 |k 2016 
050 4 |a U264.3  |b .C62 2016 
245 0 0 |a Command and control /  |c produced by Robert Kenner, Melissa Robledo, Mark Samels, Eric Schlosser ; story by Brian Pearle and Kim Roberts ; screenplay by Robert Kenner & Eric Schlosser ; directed by Robert Kenner. 
257 |a United States.  |2 naf 
264 1 |a [United States?] :  |b Robert Kenner Films,  |c [2016] 
264 4 |c ©2016 
300 |a 1 online resource (1 video file (1 hr., 31 min., 32 sec.)) :  |b sound, color 
336 |a two-dimensional moving image  |b tdi  |2 rdacontent 
337 |a computer  |b c  |2 rdamedia 
338 |a online resource  |b cr  |2 rdacarrier 
340 |g polychrome  |2 rdacc 
341 |a auditory  |b captions  |2 sapdv 
344 |a digital  |2 rdatr 
347 |a video file  |2 rdaft 
380 |a Motion pictures.  |2 lcgft 
500 |a Originally released as a motion picture in 2016; aired as an episode on American Experience on January 10, 2017. 
500 |a Based on the book by Eric Schlosser. 
532 1 |a Closed-captioned in English. 
508 |a Music, Mark Adler ; editor, Kim Roberts ; directors of photography, Paul Goldsmith, Jay Redmond 
500 |a "A Robert Kenner films production for American Experience...a production of WGBH"--End credits. 
500 |a Includes interactive transcript. 
520 |a Command and Control presents the true story of what happens when weapons built to protect threaten to become the very source of our own destruction. The film tells the story of a 1980 accident at a Titan II missile complex in Damascus, Arkansas, and explores the great dilemma or our time: How do you manage weapons of mass destruction without being destroyed by them? 
521 2 |a 9 - 12, Academic/AP 
521 |a "Warning: viewer discretion advised; some language in this video may be offensive."--Films on Demand website. 
588 |a Description from online resource; title from title screen (Films on Demand, viewed on October 30, 2023). 
610 1 0 |a United States.  |b Air Force.  |b Strategic Air Command.  |b Strategic Missile Wing, 308th  |x History. 
650 0 |a Titan (Missile)  |x Accidents. 
650 0 |a Intercontinental ballistic missiles  |x Accidents  |z United States  |x History. 
650 0 |a Nuclear weapons  |x Accidents  |z United States  |x History. 
650 0 |a Nuclear weapons  |x Government policy  |z United States. 
655 7 |a Documentary films.  |2 lcgft 
655 7 |a Nonfiction films.  |2 lcgft 
655 7 |a Internet videos.  |2 lcgft 
655 7 |a Video recordings for the hearing impaired.  |2 lcgft 
700 1 |a Kenner, Robert,  |d 1950-  |e screenwriter,  |e film producer,  |e film director. 
700 1 |a Schlosser, Eric,  |e screenwriter,  |e film producer. 
700 1 |a Robledo, Melissa,  |e film producer. 
700 1 |a Samels, Mark,  |e film producer. 
700 1 |a Pearle, Brian,  |e creator. 
700 1 |a Roberts, Kim  |c (Motion picture editor),  |e creator,  |e editor of moving image work. 
700 1 |a Goldsmith, Paul  |c (Cinematographer),  |e director of photography. 
700 1 |a Adler, Mark,  |e composr (expression) 
700 1 |i Motion picture adaptation of (work):  |a Schlosser, Eric.  |t Command and control. 
710 2 |a Robert Kenner Films,  |e production company. 
710 2 |a WGBH (Firm),  |e production company. 
710 2 |a American Experience Films,  |e production company. 
856 4 0 |u http://proxy.library.tamu.edu/login?url=https://coral.library.tamu.edu/resourcelink.php?resource=17028  |z Connect to this streaming video (Films on Demand)  |t 0 
938 |a Infobase  |b INFO  |n 1000151140 
948 |h HELD BY TXA - 28 OTHER HOLDINGS 
994 |a Z0  |b TXA 
999 f f |s 0a59920f-6a92-4f1d-9b4f-795c86312fbb  |i a9436b09-3afa-4513-8db5-bbaae63d5c03  |t 0 
952 f f |a Texas A&M University  |b College Station  |c Electronic Resources  |d Available Online  |t 0  |e U264.3 .C62 2016  |h Library of Congress classification 
998 f f |a U264.3 .C62 2016  |t 0  |l Available Online